Loading...
| Beliefs - Religion | 1 | 3 | 0 | 2 | 45 | 15 | 91.00 | 1 | 3 |
| Arts - Other Arts | 1 | 3 | 1 | 0 | 40 | 42 | 79.00 | 1 | 4 |
| History - American History | 1 | 2 | 1 | 1 | 30 | 29 | 77.33 | 0 | 2 |
| History - Euro History | 0 | 3 | 0 | 1 | 30 | 85 | 103.67 | 0 | 2 |
| Thought - Social Science | 1 | 1 | 0 | 0 | 25 | 67 | 83.00 | 0 | 2 |
| Other - Pop Culture | 1 | 1 | 0 | 0 | 25 | 63 | 94.50 | 1 | 2 |
| History - Other History | 0 | 2 | 0 | 0 | 20 | 79 | 94.00 | 0 | 2 |
| Other - Geo/CE | 1 | 0 | 0 | 0 | 15 | 72 | 72.00 | 0 | 1 |
| Literature - American Lit | 0 | 1 | 0 | 0 | 10 | 77 | 77.00 | 0 | 1 |
| Other - Other Academic | 0 | 1 | 0 | 1 | 10 | 124 | 124.00 | 0 | 0 |
| Science - Other Science | 0 | 1 | 0 | 0 | 10 | 75 | 75.00 | 0 | 1 |
| Literature - British Lit | 0 | 1 | 1 | 0 | 5 | 118 | 118.00 | 0 | 0 |
| History - World History | 0 | 1 | 1 | 1 | 5 | 124 | 124.00 | 0 | 0 |
| Arts - Music | 0 | 1 | 1 | 0 | 5 | 109 | 109.00 | 0 | 1 |
| Science - Physics | 0 | 0 | 0 | 0 | 0 | 0.00 | 0 | 0 | |
| Literature - Euro Lit | 0 | 0 | 1 | 0 | -5 | 0.00 | 0 | 0 | |
| Thought - Philosophy | 0 | 0 | 1 | 0 | -5 | 0.00 | 0 | 0 | |
| Beliefs - Mythology | 0 | 0 | 1 | 0 | -5 | 0.00 | 0 | 0 |